| 000 | 00601nam a22002177a 4500 | ||
|---|---|---|---|
| 005 | 20260422123653.0 | ||
| 008 | 260422b |||||||| |||| 00| 0 eng d | ||
| 020 |
_a9789385998638 _c695.00 |
||
| 040 | _aMAIN | ||
| 041 | _aEnglish | ||
| 082 |
_a660.6 _bCRU |
||
| 100 |
_a Crueger, Wulf _921994 |
||
| 245 |
_aBiotechnology _b: A Textbook of Industrial microbiology |
||
| 250 | _a3rd | ||
| 260 |
_aNew Delhi _bMedTech Science Press _c2017 |
||
| 300 | _a396 | ||
| 650 |
_aBiological Science (PM USHA) _926674 |
||
| 700 |
_aCrueger, Anneliese _921995 |
||
| 700 |
_aAneja, K.R. _94774 |
||
| 942 | _cBK | ||
| 999 |
_c60669 _d60669 |
||